Statistics for Movies by Letter - V

Click here to take the quiz!

General Stats

  • This quiz has been taken 21 times
  • The average score is 8 of 25

Answer Stats

HintAnswer% Correct
Spinal Tap can turn this all the way up to 11volume
80%
Micronation that gave its approval to Passolini's The Gospel According to St. MatthewVatican City
70%
"Remember, remember the fifth of November"V for Vendetta
70%
First name of femme fatale LakeVeronica
65%
Hitchcock ghost story set in San FranciscoVertigo
60%
Julie Andrews impersonates a manVictor/Victoria
60%
The main character of Les MisérablesJean Valjean
50%
Tanna was the first major production from this countryVanuatu
45%
Rock band managed by Andy Warhol and included in his filmsVelvet Underground
35%
Current owner of Paramount, Nickelodeon, BET, and MTVViacom
35%
Wakanda has no shortage of thisvibranium
35%
Director of Good Will Hunting and MilkGus Van Sant
25%
Swedish actor who played Death and JesusMax von Sydow
25%
Tessa Thompson's character in the Marvel Cinematic UniverseValkyrie
25%
Carl Dreyer horror filmVampyr
20%
YouTube alternative for professional filmmakersVimeo
20%
Format of Oculus, Vive, Pimax, Samsung Gear, and Daydreamvirtual reality
20%
Director of Cleo from 5 to 7, The Gleaners & I, and Le BonheurAgnès Varda
15%
Early French serial about an underground crime ringLes Vampires
15%
Type of theater that served as a very early exhibition outlet for filmsvaudeville
15%
Soviet documentarian of Man with a Movie Camera fameDziga Vertov
10%
Spanish star of Sex and LuciaPaz Vega
10%
Andre Gregory and Louis Malle's adaptation of ChekhovVanya on 42nd Street
10%
American World War II animated documentaryVictory through Air Power
5%
Mexican Luis Buñuel film criticized by many as blasphemousViridiana
5%

Score Distribution

Percentile by Number Answered

Percent of People with Each Score

Your Score History

You have not taken this quiz